| 000 | 00939nam a22002537a 4500 | ||
|---|---|---|---|
| 005 | 20141030124517.0 | ||
| 008 | 141030s2014 xxkadk frb 001 0 eng d | ||
| 020 | _a9781137272188 | ||
| 040 | _aEG-ScBUE | ||
| 043 | _ama----- | ||
| 082 | 0 | 0 |
_222 _a338.9009174927 _bTAL |
| 100 | 1 |
_aTalani, Leila Simona _936384 |
|
| 245 | 1 | 4 |
_aThe Arab spring in the global political economy / _cLeila Simona Talani. |
| 260 |
_aHoundsmills, United Kingdom ; _aNew York, United States : _bPalgrave Macmillan, _c2014. |
||
| 300 |
_axiv, 251 p. : _bcharts, forms, tables ; _c22 cm. |
||
| 490 | 0 | _aInternational political economy series | |
| 500 | _aIndex : p. 243-251. | ||
| 504 | _aIncludes bibliographical references. | ||
| 650 | 0 |
_936260 _aArab Spring, 2010- _xEconomic aspects |
|
| 650 | 0 |
_aGlobalization _xEconomic aspects _zArab countries _936385 |
|
| 653 |
_bBUSBOL _cOctober2014 |
||
| 655 |
_vreading book _934232 |
||
| 942 |
_2ddc _k338.9009174927 TAL |
||
| 999 |
_c18523 _d18495 |
||